000 00323nam a2200133Ia 4500
005 20251222151304.0
008 251222s9999||||xx |||||||||||||| ||spa||
082 _a330.9/K88
100 _aKuczinski, Jürgen
245 0 _aBreve Historia de la Economía
250 _a1ra.ed.
264 _bMiguel Castellote
942 _cLIB
999 _c23089
_d23089